Kulliyāt-i Qāʼim / (Record no. 70727)

MARC details
000 -LEADER
fixed length control field 00711cam a22002414a 4500
001 - CONTROL NUMBER
control field sa 66006778
003 - CONTROL NUMBER IDENTIFIER
control field DLC
005 - DATE AND TIME OF LATEST TRANSACTION
control field 20260227112259.0
008 - FIXED-LENGTH DATA ELEMENTS--GENERAL INFORMATION
fixed length control field 940609s1965 pk b 000 0 urdo
010 ## - LIBRARY OF CONGRESS CONTROL NUMBER
LC control number sa 66006778
035 ## - SYSTEM CONTROL NUMBER
System control number (OCoLC)30578805
040 ## - CATALOGING SOURCE
Original cataloging agency DLC
Transcribing agency DLC
Modifying agency DLC
050 00 - LIBRARY OF CONGRESS CALL NUMBER
Classification number PK2198
Item number .Q3 1965
100 1# - MAIN ENTRY--PERSONAL NAME
Personal name Qāʼim, Muḥammad Qiyāmuddīn,
Dates associated with a name 1726?-1795?
240 10 - UNIFORM TITLE
Uniform title Works.
Date of a work 1965
245 10 - TITLE STATEMENT
Title Kulliyāt-i Qāʼim /
Statement of responsibility, etc. murattibah Iqtidā Ḥasan.
260 ## - PUBLICATION, DISTRIBUTION, ETC.
Place of publication, distribution, etc. Lāhaur :
Name of publisher, distributor, etc. Majlis-i Taraqqī-yi Adab,
Date of publication, distribution, etc. 1965.
300 ## - PHYSICAL DESCRIPTION
Extent 2 v. ;
Dimensions 22 cm.
490 0# - SERIES STATEMENT
Series statement Urdū kā kalāsīkī adab ;
Volume/sequential designation 61
546 ## - LANGUAGE NOTE
Language note In Urdu.
504 ## - BIBLIOGRAPHY, ETC. NOTE
Bibliography, etc. note Includes bibliographical references.
700 1# - ADDED ENTRY--PERSONAL NAME
Personal name Hasan, Iqtida.

No items available.

Powered by Koha